Política y gestión de la investigación científica y tecnológica : actas del Seminario argentino-francés CONICET - SECYT - CNRS /

Guardado en:
Otros Autores: Neffa, Julio César. (Compilador)
Formato: Libro
Idioma:Spanish
French
Publicado: [Buenos Aires] : Asociación Trabajo y Sociedad, c1994.
Series:Ciencias sociales del trabajo
Etiquetas: Agregar Etiqueta
Sin Etiquetas, Sea el primero en etiquetar este registro!
LEADER 00770nam a22001815a 4500
001 MAT.inmabb006610
008 120807s1994####ag#a##########100#0#spa#d
005 20120807162935.0
245 1 0 |a Política y gestión de la investigación científica y tecnológica :  |b actas del Seminario argentino-francés CONICET - SECYT - CNRS /  |c Julio César Neffa (compilador) ; Horacio Bosch ... [et al.]. 
260 |a [Buenos Aires] :  |b Asociación Trabajo y Sociedad,  |c c1994. 
300 |a v, 245 p. :  |b il. ;  |c 22 cm. 
490 1 |a Ciencias sociales del trabajo 
546 |a Español y francés. 
500 |a El seminario se realizó en Buenos Aires, 28 y 29 de abril de 1992. 
020 |a 9879517008 
700 1 |a Neffa, Julio César.  |4 com 
041 1 |a spa  |a fre 
859 |p A-7021  |b BIB. MATEMATICA